SAMAYIK MEDIA SHABDKOSH (Record no. 5315)

MARC details
000 -LEADER
fixed length control field 00364nam a22001577a 4500
005 - DATE AND TIME OF LATEST TRANSACTION
control field 20161024105802.0
008 - FIXED-LENGTH DATA ELEMENTS--GENERAL INFORMATION
fixed length control field 161024b xxu||||| |||| 00| 0 eng d
020 ## - INTERNATIONAL STANDARD BOOK NUMBER
ISBN 81-7138-111-1
041 ## - LANGUAGE CODE
Language code of text/sound track or separate title eng
100 ## - MAIN ENTRY--AUTHOR NAME
Personal name HARSHDEV
245 ## - TITLE STATEMENT
Title SAMAYIK MEDIA SHABDKOSH
260 ## - PUBLICATION, DISTRIBUTION, ETC. (IMPRINT)
Name of publisher SAMAYIK
300 ## - PHYSICAL DESCRIPTION
Number of Pages 239
650 ## - SUBJECT ADDED ENTRY--TOPICAL TERM
Topical Term MASS COMM @JOURNALISM
942 ## - ADDED ENTRY ELEMENTS (KOHA)
Koha item type Books
Holdings
Lost status Damaged status Home library Current library Shelving location Date acquired Source of acquisition Cost, normal purchase price Accession Number Koha item type
    JRU Library   SHELF-32-H 24/10/2016 Purchase 250.00 21440 Books
    JRU Library JRU Library SHELF-32-H 24/10/2016 Purchase 250.00 21441 Books
    JRU Library   SHELF-32-H 24/10/2016 Purchase 250.00 21442 Books
    JRU Library   SHELF-32-H 24/10/2016 Purchase 250.00 21443 Books